Signos : anuario de humanidades : 1991 /

Contiene: La metáfora como un factor de productividad en la lengua; Las lenguas de México; Ideología y lenguaje: El léxico de los chavos-banda; Actitudes conversacionales durante una consulta médica; La categoría de lo demoníaco en Kierkegaard y Dostoyevski; La prosa ensayística de Salvador Novo; Ap...

Cur síos iomlán

Sábháilte in:
Sonraí bibleagrafaíochta
Formáid: LEABHAR
Teanga:Spáinnis
Ábhair:
Clibeanna: Cuir clib leis
Níl clibeanna ann, Bí ar an gcéad duine le clib a chur leis an taifead seo!

MARC

LEADER 00000nam^a2200000^a^4500
001 000035980
005 20250521000000.0
009 20260310085332.483
020 |a 968-840-910-3 
037 |a Acervo ITESO - Biblioteca 
041 |a ESP 
082 |a 300. 5  |b UNI V. 91-1 
240 1 1 |a [Signos: anuario de humanidades] 
245 0 0 |a Signos :  |b anuario de humanidades : 1991 / 
264 |a México :  |b Universidad Autónoma Metropolitana, Departamento de Filosofía,  |c 1991 
300 |a 357 p. 
336 |a texto  |b txt  |2 rdacontenido 
337 |a sin mediación  |b n  |2 rdamedio 
338 |a volumen  |b nc  |2 rdasoporte 
520 |a Contiene: La metáfora como un factor de productividad en la lengua; Las lenguas de México; Ideología y lenguaje: El léxico de los chavos-banda; Actitudes conversacionales durante una consulta médica; La categoría de lo demoníaco en Kierkegaard y Dostoyevski; La prosa ensayística de Salvador Novo; Apuntes sobre Borges y la crítica literaria en México; La Quijotita y su prima: una propuesta de educación para la mujer; La parodia en La sombra, de Pérez Galdós; Del cuerpo social al cuerpo carnal: Santa y La calandria o el inconsciente político de una sociedad reprimida; y otros. 
649 |a XX 
650 |a Lingüística -  |x Anuarios 
650 |a Literatura -  |x Anuarios 
650 |a Sociolingüística 
650 |a Poesía -  |x Historia y Crítica 
910 |a Fondo General 
920 |a Impresos - Libros 
930 |a Colección General 
905 |a 101 
901 |a 0359800201  |b IT1  |c ACC  |i 905569  |u 20250521 
901 |a 0359800301  |b IT1  |c ACC  |i 905570  |u 20250521 
902 |a https://opac.biblio.iteso.mx/vufind/Record/000035980